00968nam a22002417a 4500003000400000005001700004008004100021040002200062082001500084100003200099245002500131260003000156300002000186490001200206505009600218505009900314650004100413650005500454650005000509942002600559999001500585952012600600OSt20230823145528.0221006b |||||||| |||| 00| 0 eng d cBiblioteca Lado V a700bR331a 9962aReeve, Charleseeditor aART PAPERS MAGAZINE/ c1999bMITPREESSaHonduras c25.5x34cma70p. a9v23.5 tFEATURESaSlight of Hand: Photography in the 1990s Maxwell´s Parish Politically Indirect tCOLUMNS AND RESOURCESaLetters News In Venice Surviving Departures Studio Visit Findings 2Tesauro de Arte & ArquitecturaaARTE 2Tesauro de Arte & ArquitecturaaEXHIBICIONES 9702 2Tesauro de Arte & ArquitecturaaANALISIS9703 2ddcc1h700iR331an0 c4199d4199 00102ddc323.540708RevistasaLVbLVd2023-08-23h09i002835l0o700 R331ap002835r2023-08-23 00:00:00w2023-08-23y1